000 00980nam a2200277 i 4500
003 EG-GICUC
005 20260427124830.0
008 260427s1980 |||d|||fr|||| 00| 0 eng d
040 _aEG-GiCUC
_beng
_cEG-GiCUC
_dEG-GiCUC
_erda
082 0 4 _221
_a343.1
_b CR
092 0 4 _221
099 _aLaw1 10 343.1 CR 1980
245 0 4 _aThe Criminal Manual :
_bContaining Three Major Acts: Criminal Procedure Code, Indian Penal Code and Evidence Act Together With States Amendments.
264 1 _a[Place of Publication Not Specified] :
_bEastern Book Company,
_c1980.
300 _aIv - Ix, 376 pages :
_bCharts.
_c24 cm
336 _2rda content
_atext
337 _2rda media
_aComputer
338 _2rda carrier
_aOnline Resource
546 _aText in English
650 1 _aCriminal Law - The General Part
_2qrmak
650 1 _aCriminal Law
_2qrmak
651 1 _2qrmak
856 4 0 _uhttps://fll.law.cu.edu.eg/fulltext/bks/B10-10799.pdf
905 _a54
942 _2ddc
_cBK
_e21
_n0
999 _c73686
_d73686